[Event "Budapest FS04 GM"]
[Site "Budapest"]
[Date "2014.04.15"]
[Round "9"]
[White "Wang, Puchen"]
[Black "Grimm, Daniel"]
[Result "1/2-1/2"]
[WhiteElo "2455"]
[BlackElo "2309"]
[PlyCount "131"]
[EventDate "2014.04.05"]
[EventType "tourn"]
[EventRounds "9"]
[EventCountry "HUN"]
[EventCategory "6"]
[SourceTitle "CBM 159 Extra"]
[Source "ChessBase"]
[SourceDate "2014.04.24"]
[SourceVersion "1"]
[SourceVersionDate "2014.04.24"]
[SourceQuality "1"]

1. e4 Nf6 2. e5 Nd5 3. d4 d6 4. Nf3 Nb6 5. Be2 g6 6. 0-0 Bg7 7. exd6 cxd6 8. c4 0-0 9. Nc3 Bg4 10. Be3 Nc6 11. b3 e6 12. h3 Bxf3 13. Bxf3 d5 14. cxd5 Nxd5 15. Nxd5 exd5 16. Rc1 Rc8 17. Rc5 Ne7 18. Bg5 f6 19. Bf4 Qd7 20. Re1 b6 21. Rxc8 Rxc8 22. Qd3 Kf7 23. a4 Bf8 24. g4 Nc6 25. Kg2 Nb4 26. Qb5 Qxb5 27. axb5 Rd8 28. Ra1 Ra8 29. Rc1 Ke6 30. Rc7 Bd6 31. Bxd6 Kxd6 32. Rxh7 Nc2 33. h4 Nxd4 34. h5 gxh5 35. Rxh5 f5 36. Rh6+ Ke5 37. gxf5 Nxf3 38. Kxf3 Kxf5 39. Ke3 Rc8 40. Kd4 Rc2 41. Kxd5 Rc5+ 42. Kd4 Kf4 43. Rf6+ Kg4 44. b4 Rxb5 45. Kc4 a6 46. f4 Kf3 47. Rf8 Rh5 48. f5 Kf4 49. f6 Ke5 50. Ra8 Rh4+ 51. Kb3 Kxf6 52. Rxa6 Ke7 53. Rxb6 Kd7 54. Ka4 Kc7 55. Ka5 Rh8 56. Kb5 Rh1 57. Ka6 Ra1+ 58. Kb5 Rh1 59. Rg6 Rh8 60. Rg7+ Kb8 61. Ka5 Rf8 62. b5 Rh8 63. Ka6 Rf8 64. Rb7+ Ka8 65. b6 Rh8 66. Rf7 1/2-1/2

[Event "Budapest FS04 GM"]
[Site "Budapest"]
[Date "2014.04.14"]
[Round "8"]
[White "Hujbert, Florian"]
[Black "Wang, Puchen"]
[Result "1/2-1/2"]
[WhiteElo "2444"]
[BlackElo "2455"]
[PlyCount "45"]
[EventDate "2014.04.05"]
[EventType "tourn"]
[EventRounds "9"]
[EventCountry "HUN"]
[EventCategory "6"]
[SourceTitle "CBM 159 Extra"]
[Source "ChessBase"]
[SourceDate "2014.04.24"]
[SourceVersion "1"]
[SourceVersionDate "2014.04.24"]
[SourceQuality "1"]

1. e4 c6 2. Nc3 d5 3. Nf3 Bg4 4. h3 Bxf3 5. Qxf3 e6 6. d4 Nf6 7. Bd3 dxe4 8. Nxe4 Qxd4 9. Be3 Qd8 10. 0-0-0 Nbd7 11. Qg3 Qa5 12. Kb1 0-0-0 13. Ng5 Ne5 14. Be2 Rxd1+ 15. Rxd1 h6 16. f4 hxg5 17. fxe5 Nd7 18. Bxg5 Qxe5 19. Qxe5 Nxe5 20. Rd8+ Kc7 21. Ra8 Ng6 22. Rxa7 Be7 23. Be3 1/2-1/2

[Event "Budapest FS04 GM"]
[Site "Budapest"]
[Date "2014.04.08"]
[Round "4"]
[White "Czebe, Attila"]
[Black "Wang, Puchen"]
[Result "1/2-1/2"]
[WhiteElo "2424"]
[BlackElo "2455"]
[PlyCount "109"]
[EventDate "2014.04.05"]
[EventType "tourn"]
[EventRounds "9"]
[EventCountry "HUN"]
[EventCategory "6"]
[SourceTitle "CBM 159 Extra"]
[Source "ChessBase"]
[SourceDate "2014.04.24"]
[SourceVersion "1"]
[SourceVersionDate "2014.04.24"]
[SourceQuality "1"]

1. Nf3 d5 2. g3 c6 3. Bg2 Nf6 4. c4 dxc4 5. 0-0 Nbd7 6. Qc2 Nb6 7. Na3 Qd5 8. b3 cxb3 9. axb3 Be6 10. Nc4 Nxc4 11. bxc4 Qxc4 12. Qb1 Qb3 13. Bb2 Bd5 14. Bxf6 Qxb1 15. Rfxb1 exf6 16. Rxb7 Bc5 17. e4 Be6 18. d4 0-0-0 19. Rbb1 Bxd4 20. Nxd4 Rxd4 21. Rxa7 Rhd8 22. Bf3 R8d7 23. Ra8+ Kc7 24. h4 Rd8 25. Ra6 Bc4 26. Ra7+ Kd6 27. Rbb7 Be6 28. Rb6 Rc8 29. Ra5 Rd2 30. Bg2 Ra2 31. Rab5 Bc4 32. Rb1 Kc5 33. Bf3 Bd3 34. R1b3 Bc4 35. Rb1 Ra5 36. Rb8 Rxb8 37. Rxb8 Kd4 38. Rd8+ Kc3 39. e5 Bd5 40. Bxd5 cxd5 41. exf6 gxf6 42. Rc8+ Kd2 43. Rd8 Rc5 44. Rd7 Kc3 45. Rxf7 d4 46. Rxh7 d3 47. Rd7 d2 48. Kg2 Kc2 49. Kf3 d1Q+ 50. Rxd1 Kxd1 51. g4 Ke1 52. Kf4 Kxf2 53. g5 fxg5+ 54. hxg5 Rc1 55. Kf5 1/2-1/2

[Event "Kecskemet Caissa GM 03"]
[Site "Kecskemet"]
[Date "2014.03.24"]
[Round "9"]
[White "Fodor, Tamas Jr"]
[Black "Wang, Puchen"]
[Result "1/2-1/2"]
[WhiteElo "2445"]
[BlackElo "2470"]
[PlyCount "24"]
[EventDate "2014.03.15"]
[EventType "tourn"]
[EventRounds "10"]
[EventCountry "HUN"]
[EventCategory "7"]
[SourceTitle "CBM 159 Extra"]
[Source "ChessBase"]
[SourceDate "2014.04.24"]
[SourceVersion "1"]
[SourceVersionDate "2014.04.24"]
[SourceQuality "1"]

1. d4 d5 2. c4 c6 3. Nc3 Nf6 4. cxd5 cxd5 5. Bf4 Nc6 6. Nf3 Bf5 7. e3 e6 8. Qb3 Bb4 9. Ne5 0-0 10. Nxc6 Bxc3+ 11. bxc3 bxc6 12. Be2 h6 1/2-1/2

[Event "Kecskemet Caissa GM 03"]
[Site "Kecskemet"]
[Date "2014.03.22"]
[Round "8"]
[White "Wang, Puchen"]
[Black "Ilincic, Zlatko"]
[Result "1-0"]
[WhiteElo "2470"]
[BlackElo "2430"]
[PlyCount "99"]
[EventDate "2014.03.15"]
[EventType "tourn"]
[EventRounds "10"]
[EventCountry "HUN"]
[EventCategory "7"]
[SourceTitle "CBM 159 Extra"]
[Source "ChessBase"]
[SourceDate "2014.04.24"]
[SourceVersion "1"]
[SourceVersionDate "2014.04.24"]
[SourceQuality "1"]

1. d4 Nf6 2. c4 g6 3. Nc3 Bg7 4. e4 d6 5. f3 e5 6. Nge2 c6 7. Be3 a6 8. dxe5 dxe5 9. Qxd8+ Kxd8 10. Na4 Nbd7 11. c5 Ke7 12. Nc1 Nh5 13. Nb3 a5 14. Bd2 f5 15. exf5 gxf5 16. Bd3 Nf4 17. Bxf4 exf4 18. 0-0-0 Kf6 19. Rhe1 Ra7 20. Bc2 Ne5 21. Nb6 Be6 22. Nd4 Re8 23. Rxe5 Kxe5 24. Nxe6 Kxe6 25. Re1+ Be5 26. Bb3+ Kf6 27. Nd7+ Kg7 28. Rxe5 Rxe5 29. Nxe5 a4 30. Bc2 Ra5 31. Nd3 Kf6 32. h4 Ra8 33. Kd2 Ra5 34. a3 h6 35. Kc3 Ra8 36. Nxf4 Ke5 37. Nd3+ Kf6 38. Kd2 Rg8 39. Nf4 Rd8+ 40. Kc3 Ra8 41. g3 Re8 42. Kd2 Rd8+ 43. Bd3 Ke5 44. Kc3 Rg8 45. Ne2 f4 46. g4 Rd8 47. Nc1 Kd5 48. Bc2 Re8 49. Nd3 Re3 50. Bd1 1-0

[Event "Kecskemet Caissa GM 03"]
[Site "Kecskemet"]
[Date "2014.03.18"]
[Round "4"]
[White "Wang, Puchen"]
[Black "Fodor, Tamas Jr"]
[Result "1/2-1/2"]
[WhiteElo "2470"]
[BlackElo "2445"]
[PlyCount "21"]
[EventDate "2014.03.15"]
[EventType "tourn"]
[EventRounds "10"]
[EventCountry "HUN"]
[EventCategory "7"]
[SourceTitle "CBM 159 Extra"]
[Source "ChessBase"]
[SourceDate "2014.04.24"]
[SourceVersion "1"]
[SourceVersionDate "2014.04.24"]
[SourceQuality "1"]

1. Nf3 d5 2. d4 Nf6 3. c4 dxc4 4. e3 Bg4 5. Bxc4 e6 6. Nc3 a6 7. 0-0 Nc6 8. Be2 Bd6 9. b3 0-0 10. Bb2 Qe7 11. Nd2 1/2-1/2

[Event "Kecskemet Caissa GM 03"]
[Site "Kecskemet"]
[Date "2014.03.17"]
[Round "3"]
[White "Ilincic, Zlatko"]
[Black "Wang, Puchen"]
[Result "1/2-1/2"]
[WhiteElo "2430"]
[BlackElo "2470"]
[PlyCount "92"]
[EventDate "2014.03.15"]
[EventType "tourn"]
[EventRounds "10"]
[EventCountry "HUN"]
[EventCategory "7"]
[SourceTitle "CBM 159 Extra"]
[Source "ChessBase"]
[SourceDate "2014.04.24"]
[SourceVersion "1"]
[SourceVersionDate "2014.04.24"]
[SourceQuality "1"]

1. d4 f5 2. g3 Nf6 3. Bg2 g6 4. Nh3 Bg7 5. Nf4 Nc6 6. h4 e5 7. dxe5 Nxe5 8. h5 0-0 9. hxg6 hxg6 10. Bd5+ Nxd5 11. Qxd5+ Rf7 12. Ne6 Qe7 13. Ng5 c6 14. Qb3 d5 15. Nxf7 Nxf7 16. Qa3 Qe4 17. Rh4 Qxc2 18. Nd2 Bf6 19. Qa4 Qxa4 20. Rxa4 b5 21. Ra3 Nd6 22. Rb1 c5 23. b4 c4 24. Nf3 Bb7 25. Be3 a6 26. Bd4 Kf7 27. Kf1 Ne4 28. Bxf6 Kxf6 29. Rd1 g5 30. Nd4 Ke5 31. Kg2 f4 32. gxf4+ gxf4 33. Rh3 Rg8+ 34. Kf1 Bc8 35. Rh6 Nc3 36. Nc6+ Kf5 37. Rd2 Kg5 38. Rh1 Kf6 39. f3 Rg3 40. Kf2 Bh3 41. Rh2 Bf5 42. Rd4 Rg7 43. Rxf4 Nd1+ 44. Kf1 Ne3+ 45. Kf2 Nd1+ 46. Kf1 Ne3+ 1/2-1/2